00513nam a2200181 a 45000010010000000030011000100080041000210350026000620820014000881000022001022450020001242600037001446500013001819420012001949520090002069980020002969990015003160000-9320ELIB.Books110520 1964  a(ELIB.Books)0000-9472 a230 bLau aLaurin, Robert B. aWhen God Judges bChicago: The Judson Press c1964 aTheology 2ddccBK 00102ddc4070aKBTSbKBTSd2011-05-20l0p2544r2022-01-22 00:00:00w2022-01-22yBK cbate2011-05-20 c9320d9320